Tecnología flexible y crisis económica: el caso de la industria norteamericana
Guardat en:
| Autor principal: | |
|---|---|
| Autor corporatiu: | |
| Format: | Text |
| Publicat: |
s.l:
CIEM
|
| Etiquetes: |
Afegir etiqueta
Sense etiquetes, Sigues el primer a etiquetar aquest registre!
|
MARC
| LEADER | 00000 a a2200000 04500 | ||
|---|---|---|---|
| 001 | 25099 | ||
| 003 | |||
| 040 | |||
| 090 | |a 177900 | ||
| 100 | |a Monreal González, Pedro | ||
| 110 | |a Centro de Investigaciones de la Economía Mundial | ||
| 245 | |a Tecnología flexible y crisis económica: el caso de la industria norteamericana | ||
| 260 | |a s.l: |b CIEM | ||
| 300 | |a 85 p | ||
| 999 | |c 13878 |d 13878 | ||
